000 00689nas a2200229 4500
001 BR9511361
003 BR-BrBNA
005 20231205094607.0
007 ta
008 230509b bl.|||p| |||| 00| 00por d
040 _aBR-BrBNA
_bpor
_cBiblioteca Nacional de Agricultura
041 _a(Pt)
072 _aL51; S20
100 1 _aRebelo, C.A.
245 1 _aCondicao corporal: uma avaliacao da situacao nutricional do rebanho
650 _aVaca Leiteira
650 _aNutricao Animal
650 _aLactacao
773 0 _tAgropecuaria Catarinense (Brazil)
_xISSN 0103-0779
_g(Sep 1995), v. 8(3) p. 41-44
_wBR9511361
909 _a202311
_bLúcia
_c55
_dLúcia Elande
942 _2AGRIS
_n0
_cANA
999 _c145507
_d145507